书目信息 |
| 题名: |
商业性体育赛事风险管理
|
|
| 作者: | 杨铁黎 , 李良忠 , 陈文倩 著 | |
| 分册: | ||
| 出版信息: | 北京 北京体育大学出版社 2010 |
|
| 页数: | 251页 | |
| 开本: | 21cm | |
| 丛书名: | ||
| 单 册: | ||
| 中图分类: | G80-05 , G808.22 | |
| 科图分类: | ||
| 主题词: | 运动竞赛--体育经济学--风险管理--研究 , 运动竞赛 , 体育经济学 , 风险管理 | |
| 电子资源: | ||
| ISBN: | 978-7-5644-0387-4 | |
| 000 | 01331nam0 2200337 45 | |
| 001 | 1130678171 | |
| 005 | 20110310092649.20 | |
| 010 | @a978-7-5644-0387-4@dCNY17.00 | |
| 100 | @a20110123d2010 em y0chiy50 ea | |
| 101 | 0 | @achi |
| 102 | @aCN@b110000 | |
| 105 | @ay z 000yy | |
| 106 | @ar | |
| 200 | 1 | @a商业性体育赛事风险管理@AShang Ye Xing Ti Yu Sai Shi Feng Xian Guan Li@f杨铁黎,李良忠,陈文倩著@FYang Tie Li, Li Liang Zhong, Chen Wen Qian Zhu |
| 210 | @a北京@c北京体育大学出版社@d2010 | |
| 215 | @a251页@d21cm | |
| 300 | @a首都体育学院 北京市重点学科体育人文社会的资助项目 | |
| 312 | @a封底英文题名:Commercial sorts risk event manegement | |
| 330 | @a本书以商业性体育赛事为主要对象,分八章对商业性体育赛事的各类风险进行论述,本书特点是将风险管理的基本理论与商业性体育赛事密切结合,以解剖案例为切入点,深入分析商业性体育赛事风险的潜在性,以及防范和规避风险的一般方法和途径。 | |
| 510 | 1 | @aCommercial sorts risk event manegement@zeng |
| 606 | 0 | @a运动竞赛@x体育经济学@x风险管理@x研究 |
| 606 | 0 | @a运动竞赛 |
| 606 | 0 | @a体育经济学 |
| 606 | 0 | @a风险管理 |
| 690 | @aG80-05@v4 | |
| 690 | @aG808.22@v4 | |
| 701 | 0 | @a杨铁黎@AYang Tie Li@4著 |
| 701 | 0 | @a李良忠@ALi Liang Zhong@4著 |
| 701 | 0 | @a陈文倩@AChen Wen Qian@4著 |
| 801 | 0 | @aCN@bTANGWEI@c20110310 |
| 905 | @b0531166-70@dG80-05@e425@f5 | |
| 商业性体育赛事风险管理/杨铁黎,李良忠,陈文倩著.-北京:北京体育大学出版社,2010 |
| 251页;21cm |
| 首都体育学院 北京市重点学科体育人文社会的资助项目 |
| ISBN 978-7-5644-0387-4:CNY17.00 |
| 本书以商业性体育赛事为主要对象,分八章对商业性体育赛事的各类风险进行论述,本书特点是将风险管理的基本理论与商业性体育赛事密切结合,以解剖案例为切入点,深入分析商业性体育赛事风险的潜在性,以及防范和规避风险的一般方法和途径。 |
| ● |
| 相关链接 |
|
|
|
|
正题名:商业性体育赛事风险管理
索取号:G80-05/425
 
预约/预借
| 序号 | 登录号 | 条形码 | 馆藏地/架位号 | 状态 | 备注 |
| 1 | 0531166 | 205311660 | 第一样本阅览室/ [索取号:G80-05/425] | 在馆 | |
| 2 | 0531167 | 205311679 | 密集书库-体育系/ [索取号:G80-05/425] | 在馆 | |
| 3 | 0531168 | 205311688 | 第四借阅区/ [索取号:G80-05/425] | 在馆 | |
| 4 | 0531169 | 205311697 | 第四借阅区/ [索取号:G80-05/425] | 在馆 | |
| 5 | 0531170 | 205311704 | 第四借阅区/ [索取号:G80-05/425] | 在馆 |